[Event "CRO-chT2 East"]
[Site "Croatia"]
[Date "2005.03.19"]
[Round "2.5"]
[White "Gnjezdur, Vladimir"]
[Black "Ascic, Pero"]
[Result "0-1"]
[WhiteElo "2187"]
[BlackElo "2360"]
[PlyCount "82"]
[EventDate "2005.03.19"]
[EventType "team"]
[EventRounds "11"]
[EventCountry "CRO"]
[SourceTitle "EXT 2007"]
[Source "ChessBase"]
[SourceDate "2006.11.23"]
[SourceVersion "1"]
[SourceVersionDate "2006.11.23"]
[SourceQuality "1"]
[WhiteTeam "Nasice Slavonac"]
[BlackTeam "Slavonski Brod"]
[WhiteTeamCountry "CRO"]
[BlackTeamCountry "CRO"]

1. d4 Nf6 2. Bf4 g6 3. Nf3 Bg7 4. e3 d6 5. Be2 Nh5 6. Bg5 h6 7. Bh4 0-0 8. h3 Nf6 9. Nbd2 b6 10. a4 Bb7 11. 0-0 c5 12. c3 Nbd7 13. Bg3 Ne4 14. Nxe4 Bxe4 15. Nd2 Bb7 16. Qb3 Qc7 17. Bf3 Bxf3 18. Nxf3 c4 19. Qa2 Qc6 20. Nd2 d5 21. Rac1 Rac8 22. b3 e5 23. bxc4 dxc4 24. Rb1 exd4 25. exd4 Nf6 26. Rfe1 Nd5 27. Qc2 Rfe8 28. Nf3 Rxe1+ 29. Rxe1 Re8 30. Rxe8+ Qxe8 31. Kf1 b5 32. axb5 Qxb5 33. Nd2 a5 34. Be5 a4 35. Bxg7 Kxg7 36. g3 a3 37. Ke1 Qa5 38. Nxc4 a2 39. Nxa5 a1Q+ 40. Kd2 Qxa5 41. Qb3 Nf6 0-1

[Event "Bizovac Metalis op 11th"]
[Site "Bizovac"]
[Date "2004.02.28"]
[Round "5"]
[White "Fercec, Nenad"]
[Black "Gnjezdur, Vladimir"]
[Result "1-0"]
[WhiteElo "2467"]
[BlackElo "2190"]
[PlyCount "69"]
[EventDate "2004.02.26"]
[EventType "swiss"]
[EventRounds "7"]
[EventCountry "CRO"]
[SourceTitle "CBM 098 Extra"]
[Source "ChessBase"]
[SourceDate "2004.03.10"]
[SourceVersion "2"]
[SourceVersionDate "2004.03.10"]
[SourceQuality "1"]

1. e4 c6 2. d4 d5 3. Nd2 g6 4. h3 Nf6 5. Bd3 dxe4 6. Nxe4 Nxe4 7. Bxe4 Nd7 8. Nf3 Nf6 9. Bd3 Bg7 10. 0-0 0-0 11. Re1 e6 12. c4 Nd7 13. Qc2 c5 14. dxc5 Nxc5 15. Bf1 Qc7 16. Bg5 e5 17. Rad1 Bf5 18. Qc1 f6 19. Be3 Rfd8 20. Qc3 a5 21. b3 Bf8 22. a3 b6 23. b4 Na6 24. c5 axb4 25. Qb3+ Kg7 26. cxb6 Qb7 27. Rxd8 Rxd8 28. Qc4 Nb8 29. axb4 Rc8 30. Qh4 Be7 31. Ra1 Qe4 32. Ra7 Qxh4 33. Nxh4 Kf8 34. Nxf5 gxf5 35. Rc7 1-0

[Event "Harkany Tenkes Cup 25th"]
[Site "Harkany"]
[Date "2001.11.25"]
[Round "7"]
[White "Gnjezdur, Vladimir"]
[Black "Marjanovic, Slavko"]
[Result "1-0"]
[WhiteElo "2200"]
[BlackElo "2039"]
[PlyCount "163"]
[EventDate "2001.11.19"]
[EventType "swiss"]
[EventRounds "9"]
[EventCountry "HUN"]
[SourceTitle "EXT 2004"]
[Source "ChessBase"]
[SourceDate "2003.11.25"]
[SourceVersion "1"]
[SourceVersionDate "2003.11.25"]
[SourceQuality "1"]

1. g3 e5 2. Bg2 d5 3. c4 dxc4 4. Qa4+ c6 5. Qxc4 Nf6 6. Nf3 Bd6 7. Nc3 0-0 8. d4 exd4 9. Nxd4 h6 10. 0-0 Nbd7 11. Rd1 Ne5 12. Qb3 Qe7 13. Qc2 Re8 14. a3 Bg4 15. h3 Be6 16. f4 Nc4 17. e4 Bc5 18. Kh2 Rad8 19. Nce2 Bxd4 20. Rxd4 Nb6 21. b3 Bc8 22. Rxd8 Rxd8 23. Bb2 Ne8 24. Rd1 Rxd1 25. Qxd1 Qd6 26. Qc2 Qg6 27. Bf3 Qd6 28. Bg2 Nc7 29. Qc3 f6 30. Qf3 Be6 31. Nd4 Bd7 32. Qh5 Nc8 33. e5 fxe5 34. fxe5 Qf8 35. e6 Nxe6 36. Nf5 Qf7 37. Nxg7 Qxh5 38. Nxh5 Kf7 39. Nf6 Nc5 40. b4 Nd3 41. Bd4 Bf5 42. Bf3 Nd6 43. Ng4 Kg6 44. a4 Ne4 45. Be2 Nxb4 46. Ne5+ Kh7 47. g4 Be6 48. Bf3 Ng5 49. Bxa7 Nxf3+ 50. Nxf3 Nd3 51. Bd4 c5 52. Bc3 Kg6 53. Kg3 Bd5 54. Nh4+ Kh7 55. Nf5 Bc6 56. a5 Nb4 57. Bd2 Nd5 58. Bxh6 c4 59. Bc1 Nb4 60. Nd4 Na2 61. Ba3 Ba4 62. Ne2 c3 63. Nc1 Nxc1 64. Bxc1 Bc2 65. Kf4 Kg7 66. Ke5 Bh7 67. Kd4 c2 68. Ke5 Bd3 69. h4 Be2 70. Kf4 Kh6 71. Kg3+ Kg6 72. h5+ Kf6 73. g5+ Kf5 74. Kh4 Bc4 75. g6 Bg8 76. Kg3 Bd5 77. Kf2 Bg8 78. Ke2 Bc4+ 79. Ke3 Kf6 80. Kf4 Bg8 81. Bb2+ Ke7 82. Kg5 1-0

[Event "Harkany Tenkes Cup 25th"]
[Site "Harkany"]
[Date "2001.11.21"]
[Round "3"]
[White "Gnjezdur, Vladimir"]
[Black "Fasser, Walter"]
[Result "0-1"]
[WhiteElo "2200"]
[BlackElo "2038"]
[PlyCount "100"]
[EventDate "2001.11.19"]
[EventType "swiss"]
[EventRounds "9"]
[EventCountry "HUN"]
[SourceTitle "EXT 2004"]
[Source "ChessBase"]
[SourceDate "2003.11.25"]
[SourceVersion "1"]
[SourceVersionDate "2003.11.25"]
[SourceQuality "1"]

1. g3 d5 2. f4 Bg4 3. Bg2 Nf6 4. Nf3 Nc6 5. c4 dxc4 6. Qa4 Qd7 7. Qxc4 Be6 8. Qb5 Nd8 9. Nc3 c6 10. Qa5 Nd5 11. e4 Nxc3 12. Qxc3 f6 13. f5 Bg8 14. d4 e6 15. g4 Nf7 16. 0-0 0-0-0 17. Bf4 Nd6 18. Bxd6 Bxd6 19. d5 exd5 20. exd5 Bxd5 21. Rfd1 Bxf3 22. Qxf3 Qc7 23. h3 Be5 24. Qb3 Qb6+ 25. Kf1 Qxb3 26. axb3 Rxd1+ 27. Rxd1 Bxb2 28. Bf3 Rd8 29. Rxd8+ Kxd8 30. Ke2 Kc7 31. Kd2 Kd6 32. h4 Be5 33. Kd3 Bg3 34. h5 h6 35. Kc4 b5+ 36. Kd3 Be5 37. Bg2 a5 38. Bf3 Kc5 39. Kc2 a4 40. bxa4 bxa4 41. Bd1 Kb4 42. Bf3 c5 43. Be2 c4 44. Bf3 a3 45. Kb1 Kb3 46. Bd1+ Kc3 47. Be2 Kd4 48. Bf1 c3 49. Ba6 Ke3 50. Bc4 Kd2 0-1

[Event "Harkany Tenkes Cup 25th"]
[Site "Harkany"]
[Date "2001.11.20"]
[Round "2"]
[White "Fancsy, Imre"]
[Black "Gnjezdur, Vladimir"]
[Result "1-0"]
[WhiteElo "2408"]
[BlackElo "2200"]
[PlyCount "99"]
[EventDate "2001.11.19"]
[EventType "swiss"]
[EventRounds "9"]
[EventCountry "HUN"]
[SourceTitle "EXT 2004"]
[Source "ChessBase"]
[SourceDate "2003.11.25"]
[SourceVersion "1"]
[SourceVersionDate "2003.11.25"]
[SourceQuality "1"]

1. Nf3 g6 2. c4 f5 3. g3 Bg7 4. d4 Nf6 5. Bg2 0-0 6. b3 c6 7. 0-0 d5 8. Bb2 Be6 9. Nbd2 Kh8 10. e3 a5 11. Qe2 Nbd7 12. Ng5 Bg8 13. f3 a4 14. e4 e6 15. e5 Nh5 16. f4 Bh6 17. Nh3 Ng7 18. Ba3 Re8 19. Bd6 Bf7 20. b4 Rg8 21. c5 g5 22. Kh1 Bh5 23. Qe3 gxf4 24. gxf4 Bg4 25. Nf2 Nh5 26. Nd3 Rg6 27. Rab1 Qh4 28. Qf2 Qxf2 29. Rxf2 b5 30. cxb6 Nxb6 31. Rc1 Rc8 32. a3 Rgg8 33. Rc5 Bf8 34. Bxf8 Rgxf8 35. Kg1 Ng7 36. Nb2 Bh5 37. Bf3 Bxf3 38. Rxf3 Nh5 39. Kf2 Nd7 40. Ra5 Ra8 41. Rxa4 Nb6 42. Rxa8 Rxa8 43. Nb1 Na4 44. Nxa4 Rxa4 45. Rc3 Ra6 46. Ke3 Ng7 47. b5 Rb6 48. Rxc6 Rxc6 49. bxc6 Ne8 50. Nc3 1-0